Rompiendo un pasado amargo: hacia una nueva relación de los Estados Unidos /
Đã lưu trong:
| Tác giả của công ty: | |
|---|---|
| Định dạng: | Sách |
| Ngôn ngữ: | Spanish |
| Được phát hành: |
Estados Unidos:
Comité de Servicio de los Amigos,
1987
|
| Các nhãn: |
Thêm thẻ
Không có thẻ, Là người đầu tiên thẻ bản ghi này!
|
MARC
| LEADER | 00000nam a22000007a 4500 | ||
|---|---|---|---|
| 003 | cru CIDCACS/IIS | ||
| 005 | 20240712153823.0 | ||
| 008 | 240712b1987 us ||||| |||| 00| 0 spa d | ||
| 020 | |a [Sin ISBN] | ||
| 040 | |a cru CIDCACS/IIS |b spa |c cru CIDCACS/IIS | ||
| 090 | |a 02.05.01 C733r | ||
| 110 | 1 | |a Comité de Servicio de los Amigos |9 12278 | |
| 245 | 1 | |a Rompiendo un pasado amargo: |b hacia una nueva relación de los Estados Unidos / |c Comité de Servicio de los Amigos |h [impreso] | |
| 260 | |a Estados Unidos: |b Comité de Servicio de los Amigos, |c 1987 | ||
| 300 | |a 32 páginas | ||
| 650 | 0 | 7 | |0 TESAUROS |2 TESAUROS |
| 942 | |2 z |c LI |h <script>document.querySelector('[id^="tag_090_subfield_a"]').value</script> |i 02067 |k 02.05.01 |m C733r |6 SCRIPTDOCUMENTQUERYSELECTORIDTAG_090_SUBFIELD_AVALUESCRIPT_02067 | ||
| 999 | |c 45920 |d 45920 | ||
